| 000 | 00817cam a2200265 a 4500 | ||
|---|---|---|---|
| 001 | 3542141 | ||
| 005 | 20231124001441.0 | ||
| 008 | 970307s1998 nyu b 001 0 eng | ||
| 020 | _a0415918650 (hardcover) | ||
| 020 | _a0415918669 (pbk.) | ||
| 040 |
_aDLC _cDLC _dDLC |
||
| 082 | 0 | 0 |
_a305.42/0954 _221 |
| 245 | 0 | 0 |
_aAppropriating gender : _bwomen's activism and politicized religion in South Asia / _cedited by Patricia Jeffery and Amrita Basu. |
| 260 |
_aNew York : _bRoutledge, _c1998. |
||
| 300 | _axi, 276 p. ; | ||
| 650 | 0 | _aWomen | |
| 650 | 0 | _aWomen | |
| 650 | 0 | _aWomen and religion | |
| 650 | 0 | _aReligion and politics | |
| 650 | 0 | _aSex role | |
| 700 | 1 |
_aJeffery, Patricia, _eedt |
|
| 700 | 1 |
_aBasu, Amrita, _eedt |
|
| 856 | 4 | 2 | _uhttp://www.loc.gov/catdir/enhancements/fy0651/97011336-d.html |
| 942 | _cL | ||
| 999 |
_c68 _d68 |
||